Political Science : (Record no. 17026)
[ view plain ]
| 000 -LEADER | |
|---|---|
| fixed length control field | 00797cam a22002295a 4500 |
| 005 - DATE AND TIME OF LATEST TRANSACTION | |
| control field | 20201128020934.0 |
| 008 - FIXED-LENGTH DATA ELEMENTS--GENERAL INFORMATION | |
| fixed length control field | 110407t2012 maua frb 001 0 eng d |
| 020 ## - INTERNATIONAL STANDARD BOOK NUMBER | |
| International Standard Book Number | 0205006272 |
| 020 ## - INTERNATIONAL STANDARD BOOK NUMBER | |
| International Standard Book Number | 9780205006274 |
| 040 ## - CATALOGING SOURCE | |
| Original cataloging agency | EG-ScBUE |
| Language of cataloging | eng |
| Transcribing agency | EG-ScBUE |
| Modifying agency | EG-ScBUE |
| 082 04 - DEWEY DECIMAL CLASSIFICATION NUMBER | |
| Classification number | 320 |
| Item number | POL |
| Edition number | 22 |
| 245 00 - TITLE STATEMENT | |
| Title | Political Science : |
| Remainder of title | an introduction / |
| Statement of responsibility, etc | Michael G. Roskin... [et al.]. |
| 250 ## - EDITION STATEMENT | |
| Edition statement | 12th ed., International ed. |
| 260 ## - PUBLICATION, DISTRIBUTION, ETC. (IMPRINT) | |
| Place of publication, distribution, etc | Boston, Mass : |
| Name of publisher, distributor, etc | Longman / Pearson Education, |
| Date of publication, distribution, etc | c.2012. |
| 300 ## - PHYSICAL DESCRIPTION | |
| Extent | xvi, 383 p. : |
| Other physical details | ill. (some col.) ; |
| Dimensions | 24 cm. |
| 504 ## - BIBLIOGRAPHY, ETC. NOTE | |
| Bibliography, etc | Includes bibliographical references and index. |
| 650 #7 - SUBJECT ADDED ENTRY--TOPICAL TERM | |
| Topical term or geographic name as entry element | Political science |
| Source of heading or term | BUEsh |
| 9 (RLIN) | 1313 |
| 651 ## - SUBJECT ADDED ENTRY--GEOGRAPHIC NAME | |
| Source of heading or term | BUEsh |
| 653 ## - INDEX TERM--UNCONTROLLED | |
| Resource For college | BAEPS, Political Science |
| Arrived date list | September2012 |
| -- | September2013 |
| -- | October2018 |
| 700 1# - ADDED ENTRY--PERSONAL NAME | |
| Personal name | Roskin, Michael, |
| Dates associated with a name | 1939- |
| 9 (RLIN) | 30972 |
| 942 ## - ADDED ENTRY ELEMENTS (KOHA) | |
| Source of classification or shelving scheme | Dewey Decimal Classification |
| Withdrawn status | Item status | Source of classification or shelving scheme | Damaged status | Not for loan | Vendor | Home library | Current library | Shelving location | Date acquired | Source of acquisition | Cost, normal purchase price | Serial Enumeration / chronology | Total Checkouts | Full call number | Barcode | Date last seen | Date last borrowed | Koha item type | Materials specified (bound volume or other part) | Total Renewals | Checked out |
|---|---|---|---|---|---|---|---|---|---|---|---|---|---|---|---|---|---|---|---|---|---|
| Dewey Decimal Classification | Baccah | Central Library | Central Library | First floor | 25/09/2012 | 190.00 | 3 | 2 | 320 POL | 000027381 | 15/07/2025 | 21/10/2013 | NB - Book (Non borrowing) | ||||||||
| Dewey Decimal Classification | Damaged | Baccah | Central Library | Central Library | First floor | 25/09/2012 | 190.00 | 3 | 19 | 320 POL | 000027382 | 18/08/2021 | 02/10/2017 | Book - Borrowing | BOX07 | 71 | |||||
| Dewey Decimal Classification | Damaged | Baccah | Central Library | Central Library | First floor | 25/09/2012 | 190.00 | 3 | 20 | 320 POL | 000027383 | 30/09/2018 | 21/12/2017 | Book - Borrowing | BOX05 | 32 | |||||
| Dewey Decimal Classification | Baccah | Central Library | Central Library | First floor | 25/09/2012 | 190.00 | 3 | 19 | 320 POL | 000027384 | 14/07/2021 | 14/07/2021 | Book - Borrowing | 40 | 09/10/2021 | ||||||
| Lost | Dewey Decimal Classification | Baccah | Central Library | Central Library | First floor | 26/09/2013 | 190.00 | 25 | 320 POL | 000028996 | 18/08/2021 | 01/10/2019 | Book - Borrowing | Lost_In_Inventory_12-2-2024 | 70 | ||||||
| Dewey Decimal Classification | Baccah | Central Library | Central Library | First floor | 26/09/2013 | 190.00 | 14 | 320 POL | 000028997 | 15/07/2025 | 11/11/2019 | Book - Borrowing | 79 | ||||||||
| Dewey Decimal Classification | Baccah | Central Library | Central Library | First floor | 26/09/2013 | 190.00 | 14 | 320 POL | 000028998 | 15/07/2025 | 20/07/2020 | Book - Borrowing | 49 | ||||||||
| Dewey Decimal Classification | Baccah | Central Library | Central Library | First floor | 26/09/2013 | 190.00 | 7 | 320 POL | 000028999 | 15/07/2025 | 01/11/2020 | Book - Borrowing | 74 | ||||||||
| Dewey Decimal Classification | Baccah | Central Library | Central Library | First floor | 26/09/2013 | 190.00 | 22 | 320 POL | 000029000 | 15/07/2025 | 09/02/2020 | Book - Borrowing | 87 | ||||||||
| Dewey Decimal Classification | Central Library | Central Library | First floor | 14/04/2018 | Donation | 1 | 320 POL | 000042741 | 25/10/2023 | 22/09/2019 | Book - Borrowing | 11 | |||||||||
| Dewey Decimal Classification | unknown | Central Library | Central Library | First floor | 03/03/2020 | Purchase | 320 POL | 000048850 | 15/07/2025 | Book - Borrowing |